000 00614nam a2200217Ia 4500
001 912
003 GE_BSU
008 181216s||||||||xx |||||||||||||| ||und||
020 _a713309991
040 _cGE_BSU
080 _a327(100),,1945/1955
245 _aМировая политика после 1945 года в 2-х томах. Кн.2
260 _aМосква
260 _bМеждународные отношения
260 _c2000
300 _a464стр.
541 _h15л.
653 _aМировая политика после 1945 года
653 _aПолитика
942 _cBK
999 _c35071
_d35071